000 00486nam a22001817a 4500
999 _c16766
_d16766
003 OSt
005 20180326125427.0
008 180326b xxu||||| |||| 00| 0 eng d
020 _a9789385998713
040 _cKABU
050 _aRS 93
_b.D37 2017 C.1
100 _aDas, Nilimanka
245 _aPractical manual of dispensing pharmacy;
_cNilimanka Das
260 _aNew Delhi
_bMedtech
_c2017
300 _axii, 204 p.
650 _aPharmacy
_vLaboratory manuals
942 _2lcc
_cBK